Discrete mathematics with applications / (Record no. 1065)

MARC details
000 -LEADER
fixed length control field 00955nam a2200301 4500
001 - CONTROL NUMBER
control field 13206907
005 - DATE AND TIME OF LATEST TRANSACTION
control field 20141030102518.0
006 - FIXED-LENGTH DATA ELEMENTS--ADDITIONAL MATERIAL CHARACTERISTICS--GENERAL INFORMATION
fixed length control field 000
007 - PHYSICAL DESCRIPTION FIXED FIELD--GENERAL INFORMATION
fixed length control field 000
008 - FIXED-LENGTH DATA ELEMENTS--GENERAL INFORMATION
fixed length control field 000
010 ## - LIBRARY OF CONGRESS CONTROL NUMBER
LC control number 2003107333
020 ## - INTERNATIONAL STANDARD BOOK NUMBER
International Standard Book Number 0534359450 (acidfree paper)
International Standard Book Number 0534490964 (international student ed.)
035 ## - SYSTEM CONTROL NUMBER
System control number (DLC) 2003107333
040 ## - CATALOGING SOURCE
Original cataloging agency UOEL
Transcribing agency DLC
Modifying agency DLC
050 00 - LIBRARY OF CONGRESS CALL NUMBER
Classification number QA39.2
Item number .E65 2004
082 00 - DEWEY DECIMAL CLASSIFICATION NUMBER
Classification number 510
Edition number 22
100 1# - MAIN ENTRY--PERSONAL NAME
Personal name Epp, Susanna S.
245 10 - TITLE STATEMENT
Title Discrete mathematics with applications /
Statement of responsibility, etc Susanna S. Epp.
250 ## - EDITION STATEMENT
Edition statement 3rd ed.
260 ## - PUBLICATION, DISTRIBUTION, ETC. (IMPRINT)
Place of publication, distribution, etc Australia :
Name of publisher, distributor, etc Thomson-Brooks/Cole,
Date of publication, distribution, etc c2004.
300 ## - PHYSICAL DESCRIPTION
Extent xix, 775, 116, 11 p. :
Other physical details ill. (some col.) ;
Dimensions 27 cm.
500 ## - GENERAL NOTE
General note Includes index.
650 #0 - SUBJECT ADDED ENTRY--TOPICAL TERM
Topical term or geographic name as entry element Mathematics.
906 ## - LOCAL DATA ELEMENT F, LDF (RLIN)
a 7
b cbc
c orignew
d 3
e epcn
f 20
g y-gencatlg
942 ## - ADDED ENTRY ELEMENTS (KOHA)
Source of classification or shelving scheme Library of Congress Classification
Item type Short Loan for 1 day
Holdings
Withdrawn status Lost status Source of classification or shelving scheme Damaged status Not for loan Home library Current library Shelving location Date acquired Total Checkouts Full call number Barcode Date last seen Date last borrowed Copy number Price effective from Koha item type
    Library of Congress Classification     UOE Main Library UOE Main Library Short Loan Area 30/10/2014 1 QA39.2 .E65 2004 20137023 27/04/2026 23/11/2016 20137023 30/10/2014 Short Loan for 1 day
    Library of Congress Classification     UOE Main Library UOE Main Library Short Loan Area 30/10/2014 7 QA39.2 .E65 2004 20137019 27/04/2026 07/02/2019 20137019 30/10/2014 Short Loan for 1 day
    Library of Congress Classification     UOE Town Campus UOE Town Campus Open shelf 30/10/2014   QA39.2 .E65 2004 20137021 30/10/2014   20137021 30/10/2014 Loan - Normal on open shelf
    Library of Congress Classification     UOE Town Campus UOE Town Campus Open shelf 30/10/2014   QA39.2 .E65 2004 20137020 30/10/2014   20137020 30/10/2014 Loan - Normal on open shelf